000 00609nam a2200253Ia 4500
001 Z_3634
003 CHAP
005 20230321145857.0
007 ta
008 220113s1985 mx 000 0 spa d
010 _a166716
040 _aZ
_cCHAP
090 _aR-52
245 1 0 _aApuntes de estadística /
260 _aChapingo, Méx. :
_bUACH. Departamento de Zootecnia,
_c1985
300 _a18 hojas
650 1 _aBloques al azar
_9140841
650 1 _aCuadro latino
_929921
650 1 _aValores faltante
_9140842
901 _aR-52
902 _aA
910 _a1985
942 _2local
_cREIMP
999 _c166716
_d166716